h1

h2

h3

h4

h5
h6
000721549 001__ 721549
000721549 005__ 20260304114144.0
000721549 037__ $$aRWTH-2018-223133
000721549 041__ $$aGerman
000721549 1001_ $$0P:(DE-82)IDM00291$$aKaminski, Sebastian$$b0
000721549 1112_ $$aThermodynamik-Kolloquium 2016$$d2018-10-05 - 2018-10-07
000721549 245__ $$aNutzung der Elektronendichte zur quantenmechanischen Vorhersage von PCP-SAFT-Parametern
000721549 260__ $$c2016
000721549 3367_ $$033$$2EndNote$$aConference Paper
000721549 3367_ $$0PUB:(DE-HGF)6$$2PUB:(DE-HGF)$$aConference Presentation$$bconf$$mconf
000721549 3367_ $$2BibTeX$$aINPROCEEDINGS
000721549 3367_ $$2DRIVER$$aconferenceObject
000721549 3367_ $$2DataCite$$aOther
000721549 3367_ $$2ORCID$$aLECTURE_SPEECH
000721549 7001_ $$0P:(DE-82)IDM00653$$aLeonhard, Kai$$b1$$urwth
000721549 9101_ $$0I:(DE-588b)36225-6$$6P:(DE-82)IDM00653$$aRWTH Aachen$$b1$$kRWTH
000721549 9141_ $$y2016
000721549 961__ $$c2018-03-22T12:22:29.421765$$x2018-03-22T12:22:29.421765$$z2018-03-22
000721549 9801_ $$aPublicReference
000721549 980__ $$aI:(DE-82)412110_20140620
000721549 980__ $$aI:(DE-82)416310_20151215
000721549 980__ $$aUNRESTRICTED
000721549 980__ $$aconf